4-Letter US Baby Names of 2018 - Girls - Statistics

General Stats
  • This quiz has been taken 4,001 times
  • The average score is 50 of 112
Answer Stats
SHE IS % Correct
Lina
96%
Anna
90%
Ella
86%
Emma
83%
Sara
83%
Lily
79%
Anne
77%
Jane
77%
Cara
76%
Kara
76%
Nora
75%
Mary
74%
Rose
74%
Lena
73%
Isla
71%
Ayla
70%
Aria
69%
Arya
69%
Elle
69%
Leah
69%
Maia
69%
Maya
69%
Miah
69%
Mila
69%
Myla
69%
Abby
68%
Lola
67%
Kate
66%
Lara
66%
Zoie
65%
June
64%
Lila
64%
Lisa
64%
Lucy
64%
Lyla
64%
Nina
64%
Cora
63%
Kora
63%
Luna
63%
Zoey
63%
Jade
62%
Evie
61%
Lana
61%
Zara
61%
Erin
60%
Vera
59%
Ruby
57%
Ruth
56%
Dana
54%
Rosa
54%
Iris
52%
Mara
49%
Hope
48%
Mira
47%
Myra
47%
Elsa
46%
Kyra
43%
Eden
39%
Hana
39%
Jada
39%
Anya
37%
Esme
37%
Faye
36%
Nova
36%
Alia
35%
Alma
35%
Kyla
35%
Thea
34%
Lexi
32%
Kira
31%
Maci
31%
Tori
31%
Jana
30%
Lyra
30%
Emmy
29%
Ryan
28%
Bria
27%
Cali
26%
Kali
26%
Macy
25%
Opal
25%
Demi
24%
Sage
24%
Skye
24%
Nala
23%
Kaia
22%
Nola
22%
Remi
22%
Wren
21%
Dani
20%
Etta
20%
Leia
20%
Nyla
20%
Zuri
20%
Gwen
19%
Rhea
18%
Rory
16%
Zola
16%
Zora
16%
Amia
15%
Kori
15%
Andi
14%
Naya
12%
Ezra
11%
Yara
11%
Vada
10%
Veda
10%
Remy
9%
Avah
8%
Noor
7%
Dior
5%
Myah
4%
No matching quizzes found
Score Distribution
Percent of People with Each Score
Percentile by Number Answered
Your Score History
You have not taken this quiz